[Event "CZE-chT2C 1213"]
[Site "Czech Republic"]
[Date "2013.02.17"]
[Round "9.5"]
[White "Korostenski, Frantisek"]
[Black "Meszaros, Ludek"]
[Result "1/2-1/2"]
[WhiteElo "2178"]
[BlackElo "2124"]
[PlyCount "85"]
[EventDate "2012.10.14"]
[EventType "team-tourn"]
[EventRounds "11"]
[EventCountry "CZE"]
[SourceTitle "EXT 2015"]
[Source "ChessBase"]
[SourceDate "2014.11.20"]
[SourceVersion "1"]
[SourceVersionDate "2014.11.20"]
[SourceQuality "1"]
[WhiteTeam "Cesky Krumlov"]
[BlackTeam "Tabor"]
[WhiteTeamCountry "CZE"]
[BlackTeamCountry "CZE"]

1. d4 Nf6 2. Nf3 g6 3. g3 Bg7 4. Bg2 0-0 5. c4 d6 6. 0-0 Nc6 7. Nc3 Nd7 8. e4 h6 9. Be3 e5 10. Qd2 Kh7 11. d5 Ne7 12. Rfd1 f5 13. Ne1 Nf6 14. f3 fxe4 15. Nxe4 Nxe4 16. fxe4 Bg4 17. Rdc1 Qd7 18. Nd3 c5 19. Nf2 Bf3 20. Bxf3 Rxf3 21. Qe2 Raf8 22. Kg2 Ng8 23. Nh3 R3f7 24. Rf1 Rxf1 25. Rxf1 Rxf1 26. Qxf1 Nf6 27. Qd3 Qa4 28. a3 a6 29. Bc1 b5 30. b3 bxc4 31. bxc4 Nd7 32. Nf2 Nb6 33. Qf3 Qc2 34. Qd1 Qxc4 35. h4 Qd4 36. Qf3 Nd7 37. h5 Nf8 38. hxg6+ Nxg6 39. Qf7 Qc4 40. Bxh6 Kxh6 41. Ng4+ Kh7 42. Nf6+ Kh6 43. Ng4+ 1/2-1/2

[Event "CZE-chT2C 1213"]
[Site "Czech Republic"]
[Date "2013.01.06"]
[Round "6.4"]
[White "Stolba, Milos"]
[Black "Korostenski, Frantisek"]
[Result "0-1"]
[WhiteElo "2149"]
[BlackElo "2178"]
[PlyCount "42"]
[EventDate "2012.10.14"]
[EventType "team-tourn"]
[EventRounds "11"]
[EventCountry "CZE"]
[SourceTitle "EXT 2015"]
[Source "ChessBase"]
[SourceDate "2014.11.20"]
[SourceVersion "1"]
[SourceVersionDate "2014.11.20"]
[SourceQuality "1"]
[WhiteTeam "Kutna Hora"]
[BlackTeam "Cesky Krumlov"]
[WhiteTeamCountry "CZE"]
[BlackTeamCountry "CZE"]

1. d4 Nc6 2. Nf3 d5 3. g3 Nf6 4. Bg2 Bg4 5. h3 Bh5 6. Bf4 e6 7. Nbd2 Bd6 8. Bxd6 Qxd6 9. c3 0-0 10. 0-0 Rfe8 11. Re1 Ne4 12. g4 Bg6 13. Nh4 Qf4 14. Nxg6 Qxf2+ 15. Kh1 Ng3+ 16. Kh2 hxg6 17. Nf1 Ne4 18. Qd3 f5 19. Qf3 Qh4 20. Qf4 g5 21. Qxc7 Re7 0-1

[Event "CZE-chT2C 1213"]
[Site "Czech Republic"]
[Date "2012.12.16"]
[Round "5.4"]
[White "Korostenski, Frantisek"]
[Black "Korsa, Jindrich"]
[Result "1/2-1/2"]
[WhiteElo "2178"]
[BlackElo "2126"]
[PlyCount "60"]
[EventDate "2012.10.14"]
[EventType "team-tourn"]
[EventRounds "11"]
[EventCountry "CZE"]
[SourceTitle "EXT 2015"]
[Source "ChessBase"]
[SourceDate "2014.11.20"]
[SourceVersion "1"]
[SourceVersionDate "2014.11.20"]
[SourceQuality "1"]
[WhiteTeam "Cesky Krumlov"]
[BlackTeam "Praha Bohemians II"]
[WhiteTeamCountry "CZE"]
[BlackTeamCountry "CZE"]

1. Nc3 e5 2. Nf3 Nc6 3. e4 Nf6 4. Bb5 Nd4 5. Ba4 Nxf3+ 6. Qxf3 Bc5 7. d3 0-0 8. 0-0 d6 9. Bg5 c6 10. Bb3 Be6 11. Na4 Bb4 12. Bxe6 fxe6 13. a3 Ba5 14. b4 Bc7 15. Qh3 Qe7 16. c4 Rae8 17. c5 d5 18. Nc3 h6 19. Bxf6 Rxf6 20. Qg3 Qf7 21. f3 Qh5 22. Qg4 Qxg4 23. fxg4 Ref8 24. Rxf6 Rxf6 25. Rf1 Kf7 26. h4 Rf4 27. g3 Rxf1+ 28. Kxf1 Bd8 29. Ke2 g5 30. h5 Ke7 1/2-1/2

[Event "CZE-chT2A 1112"]
[Site "Czech Republic"]
[Date "2012.03.04"]
[Round "9"]
[White "Korostenski, Frantisek"]
[Black "Skut, Michal"]
[Result "0-1"]
[WhiteElo "2183"]
[BlackElo "2050"]
[PlyCount "102"]
[EventDate "2011.10.09"]
[EventType "team-tourn"]
[EventRounds "11"]
[EventCountry "CZE"]
[SourceTitle "EXT 2013"]
[Source "ChessBase"]
[SourceDate "2012.11.22"]
[SourceVersion "1"]
[SourceVersionDate "2012.11.22"]
[SourceQuality "1"]
[WhiteTeam "Cesky Krumlov"]
[BlackTeam "Klatovy"]
[WhiteTeamCountry "CZE"]
[BlackTeamCountry "CZE"]

1. e4 c5 2. a3 e6 3. b4 cxb4 4. axb4 Bxb4 5. Bb2 Bf8 6. Nf3 d6 7. Nc3 Nf6 8. d4 Be7 9. Bd3 Nc6 10. 0-0 0-0 11. e5 Nd5 12. exd6 Bxd6 13. Nb5 Be7 14. c4 Nf4 15. Be4 f5 16. Bb1 a6 17. d5 exd5 18. cxd5 Nxd5 19. Ba2 Be6 20. Nbd4 Nxd4 21. Nxd4 Bf7 22. Re1 Nb4 23. Be6 Bxe6 24. Nxe6 Qxd1 25. Raxd1 Rf7 26. Nxg7 Nc6 27. Ne6 Bf6 28. Bxf6 Rxf6 29. Nc7 Rc8 30. Rd7 Rf7 31. Rxf7 Kxf7 32. Ne6 h6 33. Nc5 Rc7 34. Rb1 Nd8 35. Nd3 Kf6 36. Kf1 b5 37. Nb4 Ra7 38. Rd1 Ne6 39. Nc6 Ra8 40. Rd6 a5 41. Nd4 Ke5 42. Rxe6+ Kxd4 43. Ke2 Kc3 44. Kd1 Kb2 45. Re5 b4 46. Rxf5 Rc8 47. Ke2 a4 48. Rf4 Rb8 49. Kd3 a3 50. Re4 a2 51. Re2+ Ka3 0-1

[Event "CZE-chT2A 1112"]
[Site "Czech Republic"]
[Date "2011.12.04"]
[Round "4"]
[White "Korostenski, Frantisek"]
[Black "Bauma, Jiri"]
[Result "1-0"]
[WhiteElo "2183"]
[BlackElo "2215"]
[PlyCount "53"]
[EventDate "2011.10.09"]
[EventType "team-tourn"]
[EventRounds "11"]
[EventCountry "CZE"]
[SourceTitle "EXT 2013"]
[Source "ChessBase"]
[SourceDate "2012.11.22"]
[SourceVersion "1"]
[SourceVersionDate "2012.11.22"]
[SourceQuality "1"]
[WhiteTeam "Cesky Krumlov"]
[BlackTeam "Praha Dukla"]
[WhiteTeamCountry "CZE"]
[BlackTeamCountry "CZE"]

1. e4 c5 2. a3 b6 3. b4 Bb7 4. Nc3 Nh6 5. bxc5 bxc5 6. Rb1 Qc8 7. Bc4 e6 8. d3 Nc6 9. Bf4 Na5 10. Nb5 Nxc4 11. Nc7+ Kd8 12. dxc4 Rb8 13. Nf3 Rg8 14. Na6 Ra8 15. Nc7 g5 16. Bg3 g4 17. Nh4 Rb8 18. 0-0 Rg5 19. Qd2 Rh5 20. Nb5 Qc6 21. Rfd1 Ra8 22. Qa5+ Ke7 23. Bd6+ Kf6 24. Qc3+ e5 25. Bxf8 Qxe4 26. Rd6+ Kg5 27. Be7+ 1-0

[Event "Karvina op"]
[Site "Karvina"]
[Date "2011.07.07"]
[Round "6"]
[White "Talla, Vladimir"]
[Black "Korostenski, Frantisek"]
[Result "1-0"]
[WhiteElo "2427"]
[BlackElo "2193"]
[PlyCount "61"]
[EventDate "2011.07.02"]
[EventType "swiss"]
[EventRounds "9"]
[EventCountry "CZE"]
[SourceTitle "CBM 143 Extra"]
[Source "ChessBase"]
[SourceDate "2011.08.29"]
[SourceVersion "1"]
[SourceVersionDate "2011.08.29"]
[SourceQuality "1"]

1. e4 Nf6 2. e5 Nd5 3. d4 d6 4. Nf3 Bf5 5. Be2 dxe5 6. Nxe5 Nd7 7. Nf3 e6 8. 0-0 Be7 9. c4 Nb4 10. Na3 0-0 11. Be3 c5 12. Qd2 a6 13. dxc5 Nc6 14. b4 b6 15. Rad1 e5 16. cxb6 Bxb4 17. Qb2 Qb8 18. Nc2 Bc5 19. Bxc5 Nxc5 20. Ne3 Be6 21. Ng5 Nd4 22. Nxe6 fxe6 23. Bg4 a5 24. f4 Na4 25. Qa3 Qxb6 26. Qxa4 Nf5 27. Bxf5 Qxe3+ 28. Kh1 Rxf5 29. Qc6 Raf8 30. Qxe6+ Kh8 31. Qxf5 1-0

[Event "Karvina op"]
[Site "Karvina"]
[Date "2011.07.06"]
[Round "5"]
[White "Korostenski, Frantisek"]
[Black "Vesselovsky, Serguei"]
[Result "1/2-1/2"]
[WhiteElo "2193"]
[BlackElo "2379"]
[PlyCount "122"]
[EventDate "2011.07.02"]
[EventType "swiss"]
[EventRounds "9"]
[EventCountry "CZE"]
[SourceTitle "CBM 143 Extra"]
[Source "ChessBase"]
[SourceDate "2011.08.29"]
[SourceVersion "1"]
[SourceVersionDate "2011.08.29"]
[SourceQuality "1"]

1. e4 c5 2. a3 d6 3. b4 Nf6 4. Nc3 Nc6 5. Rb1 g6 6. g3 Bg7 7. Bg2 0-0 8. Nge2 e5 9. 0-0 Ne8 10. d3 cxb4 11. axb4 Nc7 12. Be3 Nd4 13. Qd2 Bh3 14. f3 Bxg2 15. Kxg2 d5 16. Na4 Nxe2 17. Qxe2 d4 18. Bd2 Nb5 19. Rfc1 Rc8 20. c4 dxc3 21. Bxc3 Bh6 22. Bd2 Bxd2 23. Qxd2 Qd4 24. Nc5 b6 25. Nb3 Qd6 26. Rxc8 Rxc8 27. Rc1 Rxc1 28. Nxc1 Qc7 29. Ne2 a5 30. bxa5 bxa5 31. Qb2 Qc5 32. f4 Nd4 33. Nc3 Qb4 34. Qxb4 axb4 35. Nb1 Kf8 36. Kf2 f6 37. fxe5 fxe5 38. Ke3 Ke7 39. Kd2 Nf3+ 40. Kc2 Nxh2 41. Nd2 Kd6 42. Nc4+ Ke6 43. Ne3 Nf3 44. Kb3 Ne1 45. Kc4 b3 46. Nd1 h5 47. Kxb3 Nxd3 48. Kc2 Nc5 49. Nf2 g5 50. Kd2 g4 51. Ke3 Kf6 52. Ke2 Kg5 53. Kf1 h4 54. Kg2 Kh5 55. Kh2 Nd7 56. Nd3 hxg3+ 57. Kxg3 Kg5 58. Kf2 Kh4 59. Kg2 g3 60. Ne1 Kg4 61. Nd3 Kh4 1/2-1/2

[Event "CZE-chT2A 1011"]
[Site "Czech Republic"]
[Date "2010.12.05"]
[Round "4"]
[White "Korostenski, Frantisek"]
[Black "Grill, Roman"]
[Result "1-0"]
[WhiteElo "2178"]
[BlackElo "2125"]
[PlyCount "46"]
[EventDate "2010.10.17"]
[EventType "team-tourn"]
[EventRounds "11"]
[EventCountry "CZE"]
[SourceTitle "EXT 2012"]
[Source "ChessBase"]
[SourceDate "2011.11.24"]
[SourceVersion "1"]
[SourceVersionDate "2011.11.24"]
[SourceQuality "1"]
[WhiteTeam "Cesky Krumlov"]
[BlackTeam "Pisek Platan"]
[WhiteTeamCountry "CZE"]
[BlackTeamCountry "CZE"]

1. e4 g6 2. d4 Bg7 3. Nc3 c6 4. Nf3 d5 5. h3 Nh6 6. Bf4 f6 7. exd5 cxd5 8. Bb5+ Nc6 9. Qe2 0-0 10. Nxd5 e5 11. dxe5 fxe5 12. Bg5 Qd6 13. Rd1 Kh8 14. Nb6 Qb4+ 15. c3 Qa5 16. Nxa8 e4 17. Nd2 Nf7 18. Be3 Bf5 19. Nb3 Qxa2 20. Bc4 Nfe5 21. Ra1 Nd3+ 22. Bxd3 Qxb3 23. Bc4 Bxc3+ 1-0

[Event "CZE-chT2A 0910"]
[Site "Czech Republic"]
[Date "2010.01.31"]
[Round "6.5"]
[White "Korostenski, Frantisek"]
[Black "Liuba, Volodymyr"]
[Result "1-0"]
[WhiteElo "2168"]
[BlackElo "1953"]
[PlyCount "55"]
[EventDate "2009.10.18"]
[EventType "team-tourn"]
[EventRounds "11"]
[EventCountry "CZE"]
[SourceTitle "EXT 2012"]
[Source "ChessBase"]
[SourceDate "2011.11.24"]
[SourceVersion "1"]
[SourceVersionDate "2011.11.24"]
[SourceQuality "1"]
[WhiteTeam "Cesky Krumlov"]
[BlackTeam "Praha Bohemians II"]
[WhiteTeamCountry "CZE"]
[BlackTeamCountry "CSR"]

1. e4 c5 2. a3 d6 3. b4 cxb4 4. axb4 Nf6 5. Nc3 g6 6. g3 Bg7 7. Bg2 0-0 8. Nge2 Qb6 9. b5 Bg4 10. 0-0 Nbd7 11. h3 Bxe2 12. Qxe2 Rfc8 13. Bb2 Ne5 14. Ra4 Qc7 15. d3 Ned7 16. Rfa1 Qb6 17. R1a3 Qc5 18. e5 Nxe5 19. Bxb7 Nh5 20. Bxc8 Rxc8 21. Qe3 Qxe3 22. fxe3 Nxg3 23. Rxa7 Bh6 24. Ra8 Rxa8 25. Rxa8+ Kg7 26. Nd1 f6 27. Bxe5 fxe5 28. b6 1-0

[Event "Tabor op"]
[Site "Tabor"]
[Date "2005.08.06"]
[Round "9"]
[White "Koubek, Vaclav"]
[Black "Korostenski, Frantisek"]
[Result "1/2-1/2"]
[WhiteElo "2136"]
[BlackElo "2238"]
[PlyCount "24"]
[EventDate "2005.07.30"]
[EventType "swiss"]
[EventRounds "9"]
[EventCountry "CZE"]
[SourceTitle "EXT 2006"]
[Source "ChessBase"]
[SourceDate "2005.11.24"]
[SourceVersion "1"]
[SourceVersionDate "2005.11.24"]
[SourceQuality "1"]

1. e4 c5 2. Nc3 e6 3. g3 d5 4. exd5 exd5 5. d3 Nf6 6. Bg2 Be7 7. Bg5 d4 8. Bxf6 Bxf6 9. Ne4 0-0 10. Nf3 Be6 11. 0-0 Nd7 12. Re1 Qc7 1/2-1/2

[Event "Tabor op"]
[Site "Tabor"]
[Date "2005.08.??"]
[Round "?"]
[White "Jina, Lubos"]
[Black "Korostenski, Frantisek"]
[Result "1/2-1/2"]
[WhiteElo "2001"]
[BlackElo "2238"]
[PlyCount "33"]
[EventDate "2005.07.30"]
[EventType "swiss"]
[EventRounds "9"]
[EventCountry "CZE"]
[SourceTitle "EXT 2006"]
[Source "ChessBase"]
[SourceDate "2005.11.24"]
[SourceVersion "1"]
[SourceVersionDate "2005.11.24"]
[SourceQuality "1"]

1. d4 Nf6 2. c4 e5 3. dxe5 Ne4 4. Nf3 d6 5. exd6 Bxd6 6. Nbd2 Bf5 7. a3 Qf6 8. e3 Nc6 9. Be2 Rd8 10. Qb3 Nc5 11. Qa2 a5 12. b3 Ne5 13. 0-0 Ned3 14. Nd4 Bg6 15. N2f3 0-0 16. Bd2 Rfe8 17. Bc3 1/2-1/2

[Event "CZE-chTJ 9900"]
[Site "Czech Republic"]
[Date "1999.??.??"]
[Round "?"]
[White "Svatos, Jan"]
[Black "Korostenski, Frantisek"]
[Result "1-0"]
[WhiteElo "2283"]
[BlackElo "2214"]
[PlyCount "67"]
[EventDate "1999.??.??"]
[EventType "team"]
[EventRounds "11"]
[EventCountry "CZE"]
[SourceTitle "EXT 2002"]
[Source "ChessBase"]
[SourceDate "2001.11.25"]
[SourceVersion "1"]
[SourceVersionDate "2001.11.25"]
[SourceQuality "1"]

1. e4 Nf6 2. e5 Nd5 3. d4 d6 4. c4 Nb6 5. exd6 exd6 6. Nc3 Be7 7. Nf3 0-0 8. Bd3 Bg4 9. 0-0 Nc6 10. Be3 d5 11. cxd5 Nxd5 12. h3 Be6 13. Rc1 Ncb4 14. Bb1 g6 15. Bh6 Re8 16. a3 Nc6 17. Ne4 Nf6 18. Neg5 Bd5 19. Ne5 Nxe5 20. dxe5 Nh5 21. Qg4 Qc8 22. e6 f5 23. Bxf5 Nf6 24. Qf4 c6 25. Bg4 Qb8 26. Qd4 c5 27. Rxc5 Qd6 28. b4 a5 29. Nf7 Qb6 30. Rxd5 Qc6 31. Rc5 Qb6 32. Bg5 Bxc5 33. Qxf6 Bd4 34. Nh6# 1-0